| 000 | 00689cam a2200241 i 4500 | ||
|---|---|---|---|
| 001 | 28837 | ||
| 003 | BD-RjUL | ||
| 005 | 20211209051333.0 | ||
| 008 | 140401s1965 enka b 001 0 eng d | ||
| 035 | _a(BD-RjUL) 28921 | ||
| 040 |
_aDLC _cDLC _dDLC _dBD-RjUL _beng |
||
| 041 | _aeng | ||
| 082 | 0 | 0 |
_a150 _bSTU 1965 |
| 245 | 0 | 0 |
_aStudies in psychology / _cedited by charlotte Banks and P.L. Broadhurst |
| 260 |
_aLondon : _bUniversity of London press, _c1965. |
||
| 300 |
_a283p. : _c26 cm. _bill. ; |
||
| 650 | 0 |
_aPsychology. _988187 |
|
| 700 | 1 |
_a Banks, charlotte _988188 |
|
| 700 | 1 |
_a Broadhurst, P.L. _988189 |
|
| 942 |
_2ddc _cBK |
||
| 999 |
_c28837 _d28837 |
||